| 000 | 00821nam a2200217 a 4500 | ||
|---|---|---|---|
| 001 | 000717468 | ||
| 003 | AM-YeHGA | ||
| 005 | 20250617142844.0 | ||
| 008 | 100301s1976 ru |||||r|||||000|0|rus|d | ||
| 040 | _aAM-YeHGA | ||
| 041 | 0 | _arus | |
| 100 | 1 | _aРадбиль, Оскар Самойлович | |
| 245 | 1 | 0 |
_aПитание при ожирении / _cО.С. Радбиль. |
| 260 |
_aМосква : _bМедицина, _c1976. |
||
| 300 |
_a48 с. : _bил. ; _c20 см. |
||
| 440 | 0 |
_aНаучно-популярная медицинская литература _pРациональное и лечебное питание |
|
| 650 | 1 | 4 | _aОжирения терапия |
| 650 | 1 | 4 | _aДиетотерапия |
| 650 | 1 | 4 | _aРационального питания организация |
| 090 | _c266734 | ||
| 999 |
_c265102 _d265102 |
||